The mathematics of encryption : (Record no. 139168)

MARC details
000 -LEADER
fixed length control field 00767nam a22002177a 4500
005 - DATE AND TIME OF LATEST TRANSACTION
control field 20170421115009.0
010 ## - LCCN (DPL NO)
LC control number ENG-117922
020 ## - INTERNATIONAL STANDARD BOOK NUMBER
International Standard Book Number 9781470437336
Terms of availability 1225.00
035 ## - SYSTEM CONTROL NUMBER
System control number EN-101454
037 ## - SOURCE OF ACQUISITION
Source of stock number/acquisition DBAD/PUB
082 ## - DEWEY DECIMAL CLASSIFICATION NUMBER
Classification number 652.80151
100 ## - MAIN ENTRY--PERSONAL NAME
Personal name Cozzens,Margreat
245 ## - TITLE STATEMENT
Title The mathematics of encryption :
Statement of responsibility, etc by Margaret Cozzens [and] Steven J. Miller
Remainder of title an elementary introduction /
260 ## - PUBLICATION, DISTRIBUTION, ETC. (IMPRINT)
Place of publication, distribution, etc Telangana
Name of publisher, distributor, etc Universities press
Date of publication, distribution, etc 2017
270 ## - ADDRESS
Address 3-6-747/1/A & 3-6-754/1, Himayatnagar,
City Telangana(Hyderabad)
Postal code 500029
300 v# - PHYSICAL DESCRIPTION
Extent xvii,333p. :
Dimensions 23cm (pbk)
Other physical details ill
490 ## - SERIES STATEMENT
Series statement Mathematical World ; Volume 29
500 ## - GENERAL NOTE
General note includes bibliographical references index
700 ## - ADDED ENTRY--PERSONAL NAME
Personal name Miller,Steven J.
942 ## - ADDED ENTRY ELEMENTS (KOHA)
Source of classification or shelving scheme Dewey Decimal Classification
Item type English Books
Call number suffix COZ
Classification part 652.80151
Holdings
Withdrawn status Lost status Not for loan Collection code Home library Current library Date acquired Source of acquisition Cost, normal purchase price Full call number Barcode Copy number Cost, replacement price Koha item type
    Not For Loan Non-fiction D.B.Act.Division Bawana 21/04/2017 DBAD/PUB 1225.00 652.80151 COZ EN-101454 1 1225.00 English Books

© Delhi Public Library
Hit Counter
free hit counter